Lady "Di" (Lp Pl 31638) (Record n. 100011)
[ formato base ]
| 000 -LEADER | |
|---|---|
| fixed length control field | 03445njm a2200517Ia 4500 |
| 001 - CONTROL NUMBER | |
| control field | 24102 |
| 003 - CONTROL NUMBER IDENTIFIER | |
| control field | IT-RoPAU |
| 005 - DATE AND TIME OF LATEST TRANSACTION | |
| control field | 20220918181124.0 |
| 008 - FIXED-LENGTH DATA ELEMENTS--GENERAL INFORMATION | |
| fixed length control field | 131025s9999 xx 000 0 und d |
| 040 ## - CATALOGING SOURCE | |
| Original cataloging agency | IT-RoPAU |
| 040 ## - CATALOGING SOURCE | |
| Transcribing agency | IT-RoPAU |
| 999 ## - SYSTEM CONTROL NUMBERS (KOHA) | |
| Koha Dewey Subclass [OBSOLETE] | n.d. |
| 100 ## - MAIN ENTRY--PERSONAL NAME | |
| Personal name | AA.VV. |
| 9 (RLIN) | 794 |
| 100 ## - MAIN ENTRY--PERSONAL NAME | |
| Relator term | Autore musica |
| 9 (RLIN) | 8790 |
| 100 ## - MAIN ENTRY--PERSONAL NAME | |
| Miscellaneous information | Codice autore musica SPICS: 12000 |
| 9 (RLIN) | 796 |
| 245 ## - TITLE STATEMENT | |
| Title | Lady "Di" (Lp Pl 31638) |
| 250 ## - EDITION STATEMENT | |
| Edition statement | 1a ed. |
| 260 ## - PUBLICATION, DISTRIBUTION, ETC. (IMPRINT) | |
| Place of publication, distribution, etc. | ROMA |
| 260 ## - PUBLICATION, DISTRIBUTION, ETC. (IMPRINT) | |
| Name of publisher, distributor, etc. | RCA (RADIO CORP. AMERICA) |
| Date of publication, distribution, etc. | 1982 [1a Ed.:1982] |
| 300 ## - PHYSICAL DESCRIPTION | |
| Extent | DISCO |
| 300 ## - PHYSICAL DESCRIPTION | |
| Dimensions | 54 minuti (Testo: pag.) |
| 500 ## - GENERAL NOTE | |
| General note | Musica strumentale. Arrangiamento. Pianoforte |
| 505 ## - FORMATTED CONTENTS NOTE | |
| Formatted contents note | Lady "Di" (3:00) - Serenade (4:00) - Cavatina (4:00) - Guantanamera (3:00) - Ne me quitte pas (3:00) - Les regrets (4:00) - Les feuilles mortes (3:00) - Medley West Side Story [(Maria-Tonight-America) (7:00)] - Les derniers jours d'Anastasia Kemsky (4:00) - Le cygne (4:00) - Greensleeves (4:00) - Romance (4:00) - Vivre ailleurs (3:00) - Vals del recuerdo (3:00) - Love Is a Many Splendored Thing (3:00) - Children of the Wind (3:00) - Le deuxieme slow (4:00) |
| 650 ## - SUBJECT ADDED ENTRY--TOPICAL TERM | |
| Topical term or geographic name as entry element | STRUMENTALE [DISCHI] |
| Relator term | Codice MATERIA SPICS: 9950 |
| 9 (RLIN) | 828 |
| 700 ## - ADDED ENTRY--PERSONAL NAME | |
| Personal name | Clayderman Richard |
| Miscellaneous information | Codice interprete SPICS: 7953 |
| Relator term | Interprete |
| 9 (RLIN) | 8791 |
| 700 ## - ADDED ENTRY--PERSONAL NAME | |
| Personal name | Senneville Paul De |
| Miscellaneous information | Codice autore musica SPICS: 14362 |
| Relator term | Autore musica |
| Name of part/section of a work | Lady "Di" - Les derniers jours d'Anastasia Kemsky - Vivre ailleurs - Le deuxieme slow |
| 9 (RLIN) | 8792 |
| 700 ## - ADDED ENTRY--PERSONAL NAME | |
| Personal name | Baudlot Jean |
| Miscellaneous information | Codice autore SPICS: 14408 |
| Relator term | Autore |
| Name of part/section of a work | Lady "Di" - Les derniers jours d'Anastasia Kemsky - Vivre ailleurs - Le deuxieme slow |
| 9 (RLIN) | 8793 |
| 700 ## - ADDED ENTRY--PERSONAL NAME | |
| Personal name | Schubert Franz |
| Miscellaneous information | Codice autore musica SPICS: 10690 |
| Relator term | Autore musica |
| Name of part/section of a work | Serenade |
| 9 (RLIN) | 8794 |
| 700 ## - ADDED ENTRY--PERSONAL NAME | |
| Personal name | Toussaint Olivier |
| Miscellaneous information | Codice autore SPICS: 14363 |
| Relator term | Autore |
| Name of part/section of a work | Serenade - Greensleeves - Romance - Vals del recuerdo |
| 9 (RLIN) | 8795 |
| 700 ## - ADDED ENTRY--PERSONAL NAME | |
| Personal name | Salesses Gerard |
| Miscellaneous information | Codice autore testo/musica SPICS: 25301 |
| Relator term | Autore testo/musica |
| Name of part/section of a work | Serenade - Greensleeves - Romance - Vals del recuerdo |
| 9 (RLIN) | 8796 |
| 700 ## - ADDED ENTRY--PERSONAL NAME | |
| Personal name | Stanley |
| Miscellaneous information | Codice autore musica SPICS: 26414 |
| Relator term | Autore musica |
| Name of part/section of a work | Cavatina |
| 9 (RLIN) | 8797 |
| 700 ## - ADDED ENTRY--PERSONAL NAME | |
| Personal name | Simon Paul |
| Miscellaneous information | Codice autore SPICS: 11156 |
| Relator term | Autore |
| Name of part/section of a work | Cavatina |
| 9 (RLIN) | 8798 |
| 700 ## - ADDED ENTRY--PERSONAL NAME | |
| Personal name | Myers |
| Miscellaneous information | Codice autore testo/musica SPICS: 14409 |
| Relator term | Autore testo/musica |
| Name of part/section of a work | Cavatina |
| 9 (RLIN) | 8799 |
| 700 ## - ADDED ENTRY--PERSONAL NAME | |
| Personal name | Seeger A. |
| Miscellaneous information | Codice autore musica SPICS: 14410 |
| Relator term | Autore musica |
| Name of part/section of a work | Guantanamera |
| 9 (RLIN) | 8800 |
| 700 ## - ADDED ENTRY--PERSONAL NAME | |
| Personal name | Cosma Vittorio |
| Miscellaneous information | Codice autore musica SPICS: 14411 |
| Relator term | Autore musica |
| Name of part/section of a work | Les feuilles mortes |
| 9 (RLIN) | 8801 |
| 700 ## - ADDED ENTRY--PERSONAL NAME | |
| Personal name | Prevert Jacques |
| Miscellaneous information | Codice autore SPICS: 2341 |
| Relator term | Autore |
| Name of part/section of a work | Les feuilles mortes |
| 9 (RLIN) | 8802 |
| 700 ## - ADDED ENTRY--PERSONAL NAME | |
| Personal name | Bernstein Leonard |
| Miscellaneous information | Codice autore musica SPICS: 10723 |
| Relator term | Autore musica |
| Name of part/section of a work | Medley West Side Story |
| 9 (RLIN) | 8803 |
| 700 ## - ADDED ENTRY--PERSONAL NAME | |
| Personal name | Sondheim Stephen |
| Miscellaneous information | Codice autore SPICS: 8298 |
| Relator term | Autore |
| Name of part/section of a work | Medley West Side Story |
| 9 (RLIN) | 8804 |
| 700 ## - ADDED ENTRY--PERSONAL NAME | |
| Personal name | Saint-Saens Camille |
| Miscellaneous information | Codice autore musica SPICS: 10689 |
| Relator term | Autore musica |
| Name of part/section of a work | Le cygne |
| 9 (RLIN) | 8805 |
| 700 ## - ADDED ENTRY--PERSONAL NAME | |
| Personal name | Beethoven Ludwig Van |
| Miscellaneous information | Codice autore musica SPICS: 10721 |
| Relator term | Autore musica |
| Name of part/section of a work | Romance |
| 9 (RLIN) | 8806 |
| 700 ## - ADDED ENTRY--PERSONAL NAME | |
| Personal name | Molar Ben |
| Miscellaneous information | Codice autore musica SPICS: 26658 |
| Relator term | Autore musica |
| Name of part/section of a work | Vals del recuerdo |
| 9 (RLIN) | 8807 |
| 700 ## - ADDED ENTRY--PERSONAL NAME | |
| Personal name | Webster Benjamin Francis (Ben) |
| Miscellaneous information | Codice autore musica SPICS: 14419 |
| Relator term | Autore musica |
| Name of part/section of a work | Love Is a Many Splendored Thing |
| 9 (RLIN) | 8808 |
| 700 ## - ADDED ENTRY--PERSONAL NAME | |
| Personal name | Fain Sammy |
| Miscellaneous information | Codice autore SPICS: 14147 |
| Relator term | Autore |
| Name of part/section of a work | Love Is a Many Splendored Thing |
| 9 (RLIN) | 8809 |
| 700 ## - ADDED ENTRY--PERSONAL NAME | |
| Personal name | Plessis Koos Du |
| Miscellaneous information | Codice autore musica SPICS: 26659 |
| Relator term | Autore musica |
| Name of part/section of a work | Children of the Wind |
| 9 (RLIN) | 8810 |
| 942 ## - ADDED ENTRY ELEMENTS (KOHA) | |
| Koha item type | DISCHI |
| Source of classification or shelving scheme | Dewey Decimal Classification |
| Withdrawn status | Lost status | Damaged status | Not for loan | Home library | Current library | Date acquired | Total Checkouts | Full call number | Date last seen | Price effective from | Koha item type | Public note |
|---|---|---|---|---|---|---|---|---|---|---|---|---|
| Buone Condizioni | Not For Loan | SPICS-MEDIATECA | SPICS-MEDIATECA | 25/10/2013 | 24102 | 25/10/2013 | 25/10/2013 | DISCHI | Progr. Ins.: 4949 / N.Vol.: 1 / Copie: 1 - Copia rara: n.d. / date import: 01.01.2014 - By Epidotti, Trombetti, Vaglietti |